Pierrot le Fou = Pierrot le fou /

Na minha lista:
Detalhes bibliográficos
Autor principal: Godard, Jean-Luc (realización)
Outros Autores: Godard, Jean-Luc (guión) (guión), Coutard, Raoul (fotógrafo) (fotógrafo), Collin, Françoise (montaje) (montaje), Duhamel, Antoine (música) (música), Belmondo, Jean-Paul (actuación) (actuación), Anna Karina (actuación) (actuación), Galvani, Graziella (actuación) (actuación)
Formato: Slides
Idioma:francês
Colecção:(Optimum World. The Jean-Luc Godard Collection ; 2/1)
Assuntos:
Tags: Adicionar Tag
Sem tags, seja o primeiro a adicionar uma tag!

MARC

LEADER 00000ngm^a2200000^a^4500
001 000289445
005 20250521000000.0
009 20260310111939.787
037 |a Acervo ITESO - Biblioteca 
041 |a FRA 
082 |a 840.  |b GOD V. 2 T. 1 
100 |a Godard, Jean-Luc  |e (realización) 
240 1 5 |a [The Jean-Luc Godard Collection] 
240 1 1 |a [Pierrot el loco] 
245 1 0 |a Pierrot le Fou =  |b Pierrot le fou /  |c Realización de J.L. Godard. 
246 2 |a Título en México: Pierrot el loco 
246 2 |a Título en México: El loco 
264 2 |a Londres, Inglaterra :  |b Optimum Releasing [distribución],  |c 2007, c2007 
300 |a 1 DVD región 2 PAL (105 min.) :  |b color 
336 |a imagen móvil bidimensional  |b tdi  |2 rdacontenido 
337 |a video  |b v  |2 rdamedio 
338 |a videodisco  |b vd  |2 rdasoporte 
440 1 |a (Optimum World.  |p The Jean-Luc Godard Collection ;  |v 2/1) 
500 |a Basado en: Obsession, de Lionel White 
545 0 |a Jean-Luc Godard (París, 1930 – Rolle, Cantón de Vaud, Suiza, 2022), uno de los integrantes centrales de la Nueva Ola Francesa, es muy probablemente el autor más influyente del cine mundial posterior a 1945 y al que con mayor facilidad se le identifica con el arte contemporáneo. Después de colaborar en publicaciones especializadas (entre ellas, por supuesto, la prestigiosa Cahiers du cinéma) y de filmar un quinteto de cortometrajes, Godard se revela en el panorama mundial con Sin aliento (1959), su opera prima, por la que recibe el Oso de Plata a la mejor dirección en el Festival de Berlín de 1960. Una mujer es una mujer (1961, Oso de Plata en Berlín), Vivir su vida (1962, Premio Especial del Jurado y Premio Pasinetti en el Festival de Venecia), Alphaville (1965, Oso de Oro a la mejor película en Berlín), Pierrot el loco (1965), Masculino femenino (1966), La china (1967), Tout va bien (1972), Prénom Carmen (1982, León de Oro a la mejor película en Venecia 1983), Yo te saludo María (1985) o Elogio del amor (2001) son representativas de las distintas fases de una filmografía caracterizada por la ruptura con las narrativas tradicionales y la innovación permanente y estimulante, que ha recibido el reconocimiento de festivales y de espectadores de todo el mundo. 
546 |a En francés, con subtítulos opcionales: inglés 
586 |a Premio del Instituto Británico de Cine (8°: 1965): Trofeo Sutherland (ganadora) 
586 |a Mejores Películas de la Historia: Encuesta de la revista Sight and Sound, selección de críticos (1972): 12ª, ex aequo 
586 |a Mejores Películas de la Historia: Encuesta de la revista Sight and Sound, selección de críticos (2012): 43ª, ex aequo 
586 |a Mejores Películas de la Historia: Encuesta de la revista Sight and Sound, selección de críticos (2022): 84ª, ex aequo 
586 |a Mejores Películas de la Historia: Encuesta de la revista Sight and Sound, selección de cineastas (2012): 91ª, ex aequo 
649 |a XX 
650 |a Fugitivos en el Cine 
650 |a Road Movies 
650 |a Dramas Cinematográficos 
650 |a Nouvelle Vague (Cine) 
650 |a Cine Francés -  |y 1960-1969 
650 |a Cine Francés -  |y Siglo XX 
650 |a Novela Norteamericana -  |x Adaptaciones para Cine 
650 |a Literatura Norteamericana -  |y Siglo XX -  |x Adaptaciones para Cine 
650 |a Literatura y Cine 
650 |a Amor 
650 |a Relaciones Intergénero 
650 |a Relaciones de Pareja 
650 |a Traición 
650 |a Venganza 
650 |a Suicidio 
650 |a Existencialismo 
700 |a Godard, Jean-Luc  |e (guión) 
700 |a Coutard, Raoul  |e (fotógrafo) 
700 |a Collin, Françoise  |e (montaje) 
700 |a Duhamel, Antoine  |e (música) 
700 |a Belmondo, Jean-Paul  |e (actuación) 
700 |a Anna Karina  |e (actuación) 
700 |a Galvani, Graziella  |e (actuación) 
910 |a Fondo General 
920 |a Audiovisuales - DVDs 
940 |a Películas 
905 |a 308 
901 |a 0900109034  |b IT2  |c DVR  |u 20250521 
902 |a https://opac.biblio.iteso.mx/vufind/Record/000289445